000 01324cam a22002054a 4500
005 20250605164130.0
008 250528s ||||||||||||||||||||||||d
035 _a18606
020 _a715726854
040 _aGR-AtMCL
_bgre
_dGR-AtMCL
_eAACR2
245 1 _aDevelopment of Medicine
260 _c1988
300 _a96
520 _aThis book provides an empathetic approach to the major changes, developments and trends, and the long-term causes and consequences of change in medicine. What is Medicine?, Medicine in the Stone Ages: Interpreting and Evaluating Evidence, Ancient Egypt and Other Civilizations: A Study in Empathy - Cause and Effect, Ancient Greece: The Importance of Individual People in Medical Progress, The Romans: A Study in Change, The Dark Ages: A Study in Reliability and Bias and the Evaluation of Evidence, The Middle Ages - Epidemics and Disease: A Study in Empathy, The Renaissance: A Study in Continuity, Science Improves: A Study in Change and Its Importance, Fighting Disease: Chance and Experimentation, Better Surgery: A Study in the Role of the Individual, Hospitals and Nursing: A Study in Continuity, Public Health: A Study in Change, Acknowledgements.
700 1 _aHolmes Mcdougall
_92272
700 1 _aHughes Alison
_94870
942 _cBK
999 _c3955
_d3955